ბათუმის შოთა რუსთაველის სახელმწიფო უნივერსიტეტის ბიბლიოთეკა

Современные международные отношения : (ბიბ.ჩანაწერი № 54298)

000 -ლიდერი
ფიქსირებული სიგრძის საკონტროლო ველი 01105nam a2200265Ia 4500
001 - საკონტროლო ნომერი
საკონტროლო ველი 21354
003 - საკონტროლო ნომრის იდენტიფიკატორი
საკონტროლო ველი GE_BSU
005 - ბოლო ოპერაციის თარიღი და დრო
საკონტროლო ველი 20210922152342.0
008 - ფიქსირებული სიგრძის მონაცემთა ელემენტები - ზოგადი ინფორმაცია
ფიქსირებული სიგრძის საკონტროლო ველი 181216s2017||||ru |||||||||||||| ||rus||
020 ## - წიგნის საერთაშორისო სტანდარტული ნომერი
International Standard Book Number 9785534025811
040 ## - კატალოგიზაციის წყარო
Transcribing agency GE_BSU
041 ## - ენის კოდი
Language code of text/sound track or separate title rus
080 ## - უნივერსალური ათობითი კლასიფიკაციის ინდექსი
Universal Decimal Classification number 327(075.8) С-56
245 ## - ცნობა სათაურის შესახებ
Title Современные международные отношения :
Remainder of title Уч-к и практикум практикум для академического бакалавриата /
Statement of responsibility, etc Под ред . А. И. Позднякова, В. К. Белозёрова, М. М. Васильевой.
264 ## - წარმოების, გამოცემის, დისტრიბუციის და სხვა ცნობები
გამოცემის, წარმოების, დისტრიბუციის... ადგილი Москва :
გამოცემის, წარმოების, დისტრიბუციის... სახელწოდება Юрайт,
გამოცემის, წარმოების, დისტრიბუციის... თარიღი 2017.
300 ## - ფიზიკური აღწერა
Extent 339 стр. ;
Dimensions 22 см.
440 ## - სერიის ცნობა / დამატებულია ჩანაწერი - სათაური
Title Бакалавр. Академический курс
9 (RLIN) 12537
504 ## - BIBLIOGRAPHY, ETC. NOTE
Bibliography, etc Библиогр. стр. : 338-339
653 ## - INDEX TERM--UNCONTROLLED
Uncontrolled term Политика
653 ## - INDEX TERM--UNCONTROLLED
Uncontrolled term Современные международные отношения
653 ## - INDEX TERM--UNCONTROLLED
Uncontrolled term პოლიტიკა
653 ## - INDEX TERM--UNCONTROLLED
Uncontrolled term საერთაშორისო ურთიერთობები
942 ## - ADDED ENTRY ELEMENTS (KOHA)
Koha item type წიგნი
Source of classification or shelving scheme
ეგზემპლარები
ჩამოწერის სტატუსი დაკარგული ეგზემპლარის სტატუსი კლასიფიკაციის წყარო ან თაროზე გაწყობის სქემა დაზიანების სტატუსი არ გაიცემა მუდმივი მდებარეობა (დაცვის ადგილი) ამჟამინდელი ადგილსამყოფელი თაროზე განთავსების ადგილი შეძენის თარიღი ღირებულება, შესყიდვის ნორმალური ფასი სრული შენახვის შიფრი შტრიხკოდი ბოლო ოპერაციის თარიღი ეგზემპლარის მიმდევრობითი ნომერი (კეტერი?) ფასის ძალაში შესვლის თარიღი ეგზემპლარის სახეობა საჯარო შენიშვნა
          ბათუმის შოთა რუსთაველის სახელმწიფო უნივერსიტეტის მთავარი ბიბლიოთეკა ბათუმის შოთა რუსთაველის სახელმწიფო უნივერსიტეტის მთავარი ბიბლიოთეკა წიგნსაცავი 2018-12-17 84.00 327(075.8) С-56 55280 2018-12-17 55280 2018-12-17 წიგნი 84.00 GEL.